Opposition in the Parliament; (Record no. 80661)

MARC details
000 -LEADER
fixed length control field 00606cam a22001691 4500
001 - CONTROL NUMBER
control field sa 68005331
003 - CONTROL NUMBER IDENTIFIER
control field DLC
005 - DATE AND TIME OF LATEST TRANSACTION
control field 20260227112508.0
008 - FIXED-LENGTH DATA ELEMENTS--GENERAL INFORMATION
fixed length control field 710915s1952 ii c b 00000 eng
010 ## - LIBRARY OF CONGRESS CONTROL NUMBER
LC control number sa 68005331 //r882
050 0# - LIBRARY OF CONGRESS CALL NUMBER
Classification number JQ254
Item number .C45
100 10 - MAIN ENTRY--PERSONAL NAME
Personal name Chhabra, Hari Sharan.
245 10 - TITLE STATEMENT
Title Opposition in the Parliament;
Remainder of title a unique, authentic and comprehensive biographical dictionary of M. P.'s on opposition benches.
Statement of responsibility, etc. Foreword by S. Gian Singh Rarewala.
260 0# - PUBLICATION, DISTRIBUTION, ETC.
Place of publication, distribution, etc. Delhi,
Name of publisher, distributor, etc. New Publishers,
Date of publication, distribution, etc. 1952.
300 ## - PHYSICAL DESCRIPTION
Extent 182 p.
Other physical details ports.
Dimensions 25 cm.
610 10 - SUBJECT ADDED ENTRY--CORPORATE NAME
Corporate name or jurisdiction name as entry element India.
Subordinate unit Parliament
General subdivision Biography
-- Dictionaries.

No items available.

Powered by Koha